00581 2200205 4500001002100000005001500021035002000036007000300056008004100059020001500100082000800115084001400123100003500137245009500172250001000267260002800277300003800305700002000343990001200363INLIS00000000000671720210301030120 a0010-0321000087ta210301 g | ind  a9795148788 a297 a297 PRO r0 aProf. DR. AZYUMARDI AZRA, M.A.1 aRenaisans Islam asia Tenggara & Sejarah Wacana Kekuasaan /cProf. DR. AZYUMARDI AZRA, M.A. aCet,3 aBandung :bRosda,c2006 axxii, 180 hlm. :b. ;c16 x 24 cm0 aTaufik Abdullah a1071919